000 00599nam a2200193 a 4500
005 20231011063634.0
008 991125s1969 fr 000 0 eng u
035 _aUPN01000008831
049 _aCG
050 4 _aLC215
_bC6.5
245 0 0 _aCommunity schools in developing countries /
_ced. Harold Houghton.
260 _aHamburg, Al. :
_bUNESCO, Institute for Education,
_c1969.
300 _a96 p.
440 0 _aInternational studies in education ;
_v23
650 4 _aComunidad y escuela
_99258
650 4 _aRelación escuela-comunidad
_98259
700 1 _aHoughton, Harold,
_eed.
905 _aLibro
999 _c8831
_d8831